<?xml version="1.0" encoding="UTF-8"?>
<collection xmlns="http://www.loc.gov/MARC21/slim">
 <record>
  <leader>06348cam a2201093 c 4500</leader>
  <controlfield tag="001">399855653</controlfield>
  <controlfield tag="003">DE-627</controlfield>
  <controlfield tag="005">20251004174805.0</controlfield>
  <controlfield tag="007">tu</controlfield>
  <controlfield tag="008">010829s2001    xxu|||||      00| ||eng c</controlfield>
  <datafield tag="010" ind1=" " ind2=" ">
   <subfield code="a">   00046060 </subfield>
  </datafield>
  <datafield tag="020" ind1=" " ind2=" ">
   <subfield code="a">0262024888</subfield>
   <subfield code="c">(hc.)</subfield>
   <subfield code="9">0-262-02488-8</subfield>
  </datafield>
  <datafield tag="020" ind1=" " ind2=" ">
   <subfield code="a">0262523361</subfield>
   <subfield code="9">0-262-52336-1</subfield>
  </datafield>
  <datafield tag="020" ind1=" " ind2=" ">
   <subfield code="a">9780262523363</subfield>
   <subfield code="9">978-0-262-52336-3</subfield>
  </datafield>
  <datafield tag="024" ind1="3" ind2=" ">
   <subfield code="a">9780262024884</subfield>
  </datafield>
  <datafield tag="035" ind1=" " ind2=" ">
   <subfield code="a">(DE-627)399855653</subfield>
  </datafield>
  <datafield tag="035" ind1=" " ind2=" ">
   <subfield code="a">(DE-576)094272492</subfield>
  </datafield>
  <datafield tag="035" ind1=" " ind2=" ">
   <subfield code="a">(DE-599)GBV399855653</subfield>
  </datafield>
  <datafield tag="035" ind1=" " ind2=" ">
   <subfield code="a">(OCoLC)250137016</subfield>
  </datafield>
  <datafield tag="035" ind1=" " ind2=" ">
   <subfield code="a">(OCoLC)250137016</subfield>
  </datafield>
  <datafield tag="035" ind1=" " ind2=" ">
   <subfield code="a">(JUB)b10559802</subfield>
  </datafield>
  <datafield tag="040" ind1=" " ind2=" ">
   <subfield code="a">DE-627</subfield>
   <subfield code="b">ger</subfield>
   <subfield code="c">DE-627</subfield>
   <subfield code="e">rakwb</subfield>
  </datafield>
  <datafield tag="041" ind1=" " ind2=" ">
   <subfield code="a">eng</subfield>
  </datafield>
  <datafield tag="044" ind1=" " ind2=" ">
   <subfield code="c">XD-US</subfield>
  </datafield>
  <datafield tag="050" ind1=" " ind2="0">
   <subfield code="a">N6512.5.S75B74 2001</subfield>
  </datafield>
  <datafield tag="050" ind1=" " ind2="0">
   <subfield code="a">N6512.5.S75</subfield>
  </datafield>
  <datafield tag="082" ind1="0" ind2=" ">
   <subfield code="a">709.7309042</subfield>
  </datafield>
  <datafield tag="082" ind1="0" ind2=" ">
   <subfield code="a">709/.73/09042</subfield>
  </datafield>
  <datafield tag="084" ind1=" " ind2=" ">
   <subfield code="a">9,10</subfield>
   <subfield code="a">9,11</subfield>
   <subfield code="2">ssgn</subfield>
  </datafield>
  <datafield tag="084" ind1=" " ind2=" ">
   <subfield code="a">AP 94100</subfield>
   <subfield code="2">rvk</subfield>
   <subfield code="0">(DE-625)rvk/8146:</subfield>
  </datafield>
  <datafield tag="084" ind1=" " ind2=" ">
   <subfield code="a">20.00</subfield>
   <subfield code="2">bkl</subfield>
  </datafield>
  <datafield tag="084" ind1=" " ind2=" ">
   <subfield code="a">20.06</subfield>
   <subfield code="2">bkl</subfield>
  </datafield>
  <datafield tag="084" ind1=" " ind2=" ">
   <subfield code="a">20.07</subfield>
   <subfield code="2">bkl</subfield>
  </datafield>
  <datafield tag="100" ind1="1" ind2=" ">
   <subfield code="a">Brennan, Marcia</subfield>
   <subfield code="0">(DE-588)133181146</subfield>
   <subfield code="0">(DE-627)538259884</subfield>
   <subfield code="0">(DE-576)299675696</subfield>
   <subfield code="4">aut</subfield>
  </datafield>
  <datafield tag="245" ind1="1" ind2="0">
   <subfield code="a">Painting gender, constructing theory</subfield>
   <subfield code="b">the Alfred Stieglitz Circle and American formalist aesthetics</subfield>
   <subfield code="c">Marcia Brennan</subfield>
  </datafield>
  <datafield tag="264" ind1=" " ind2="1">
   <subfield code="a">Cambridge, Mass. [u.a.]</subfield>
   <subfield code="b">MIT Press</subfield>
   <subfield code="c">2001</subfield>
  </datafield>
  <datafield tag="300" ind1=" " ind2=" ">
   <subfield code="a">XI, 377 S.</subfield>
   <subfield code="b">Ill. (z.T. farb.)</subfield>
   <subfield code="c">24 cm</subfield>
  </datafield>
  <datafield tag="336" ind1=" " ind2=" ">
   <subfield code="a">Text</subfield>
   <subfield code="b">txt</subfield>
   <subfield code="2">rdacontent</subfield>
  </datafield>
  <datafield tag="337" ind1=" " ind2=" ">
   <subfield code="a">ohne Hilfsmittel zu benutzen</subfield>
   <subfield code="b">n</subfield>
   <subfield code="2">rdamedia</subfield>
  </datafield>
  <datafield tag="338" ind1=" " ind2=" ">
   <subfield code="a">Band</subfield>
   <subfield code="b">nc</subfield>
   <subfield code="2">rdacarrier</subfield>
  </datafield>
  <datafield tag="500" ind1=" " ind2=" ">
   <subfield code="a">Includes bibliographical references (p. 272-369) and index</subfield>
  </datafield>
  <datafield tag="505" ind1="8" ind2=" ">
   <subfield code="a">Literaturverz. S. [348] - 369</subfield>
  </datafield>
  <datafield tag="505" ind1="8" ind2=" ">
   <subfield code="a">Machine generated contents note: Acknowledgments viiiIntroduction 2 -- Part I Embodied Formalism: The Formation of a Discourse -- Chapter 1 20 -- Puritan Repression and the Whitmanic Ideal: -- The Stieglitz Circle and Debates in American -- High Culture, 1916-1929 -- Chapter 2 44 -- Faith, Love, and the Broken Camera: -- Alfred Stieglitz and New York Dada -- Chapter 3 72 -- Alfred Stieglitz and His Critics: -- An Aesthetics of Intimacy -- Part II The Stieglitz Circle's Symbolic Body -- Chapter 4 96 -- Arthur Dove and Georgia O'Keeffe: -- Corporeal Transparency and Strategies of Inclusion -- Chapter 5 136 -- John Marin: -- Framed Landscapes and Embodied Visions -- Chapter 6 156 -- Marsden Hartley and Charles Demuth: -- The Edges of the Circle -- Part III Contests and Counterdiscourses, circa 1930-1950 -- Chapter 7 202 -- Modernism's Masculine Subjects: -- Alfred Stieglitz versus Thomas Hart Benton -- Chapter 8 232 -- The Contest for &quot;the Greatest American -- Painter of the Twentieth Century&quot;: -- Alfred Stieglitz and Clement Greenberg.</subfield>
  </datafield>
  <datafield tag="505" ind1="8" ind2=" ">
   <subfield code="a">Puritan repression and the Whitmanic ideal: the Stieglitz Circle and debates in American high culture, 1916-1929 -- Faith, love and the broken camera: Alfred Stieglitz and New York Dada -- Alfred Stieglitz and his critics: an aesthetics of intimacy -- Arthur Dove and Georgia O'Keeffe: corporeal transparency and strategies of inclusion -- John Marin: framed landscapes and embodied visions -- Marsden Hartley and Charles Demuth: the edges of the circle -- Modernism's masculine subjects: Alfred Stieglitz versus Thomas Hart Benton -- The contest for &quot;the greatest American painter of the twentieth century&quot;: Alfred Stieglitz and Clement Greenberg.</subfield>
  </datafield>
  <datafield tag="583" ind1="1" ind2=" ">
   <subfield code="a">Archivierung/Langzeitarchivierung gewährleistet</subfield>
   <subfield code="f">SSG</subfield>
   <subfield code="x">XA-DE-BW</subfield>
   <subfield code="2">pdager</subfield>
   <subfield code="5">DE-16</subfield>
  </datafield>
  <datafield tag="583" ind1="1" ind2=" ">
   <subfield code="a">Archivierung prüfen</subfield>
   <subfield code="c">20240324</subfield>
   <subfield code="f">DE-4165</subfield>
   <subfield code="z">1</subfield>
   <subfield code="2">pdager</subfield>
  </datafield>
  <datafield tag="600" ind1="1" ind2="0">
   <subfield code="a">Stieglitz, Alfred</subfield>
  </datafield>
  <datafield tag="600" ind1="1" ind2="0">
   <subfield code="a">Stieglitz, Alfred</subfield>
   <subfield code="d">1864-1946</subfield>
   <subfield code="x">Aesthetics</subfield>
  </datafield>
  <datafield tag="650" ind1=" " ind2="0">
   <subfield code="a">Stieglitz Circle Group of artists</subfield>
  </datafield>
  <datafield tag="650" ind1=" " ind2="0">
   <subfield code="a">Modernism Art</subfield>
   <subfield code="x">United States</subfield>
  </datafield>
  <datafield tag="650" ind1=" " ind2="0">
   <subfield code="a">Stieglitz Circle (Group of artists)</subfield>
  </datafield>
  <datafield tag="650" ind1=" " ind2="0">
   <subfield code="a">Modernism (Art)</subfield>
   <subfield code="z">United States</subfield>
  </datafield>
  <datafield tag="650" ind1=" " ind2="0">
   <subfield code="a">Gender identity in art</subfield>
  </datafield>
  <datafield tag="689" ind1="0" ind2="0">
   <subfield code="d">p</subfield>
   <subfield code="0">(DE-588)118798847</subfield>
   <subfield code="0">(DE-627)265910528</subfield>
   <subfield code="0">(DE-576)209473657</subfield>
   <subfield code="a">Stieglitz, Alfred</subfield>
   <subfield code="d">1864-1946</subfield>
   <subfield code="2">gnd</subfield>
  </datafield>
  <datafield tag="689" ind1="0" ind2=" ">
   <subfield code="5">(DE-627)</subfield>
  </datafield>
  <datafield tag="689" ind1="1" ind2="0">
   <subfield code="d">g</subfield>
   <subfield code="0">(DE-588)4078704-7</subfield>
   <subfield code="0">(DE-627)106076612</subfield>
   <subfield code="0">(DE-576)209209682</subfield>
   <subfield code="a">USA</subfield>
   <subfield code="2">gnd</subfield>
  </datafield>
  <datafield tag="689" ind1="1" ind2="1">
   <subfield code="d">s</subfield>
   <subfield code="0">(DE-588)4114333-4</subfield>
   <subfield code="0">(DE-627)105822957</subfield>
   <subfield code="0">(DE-576)209483733</subfield>
   <subfield code="a">Kunst</subfield>
   <subfield code="2">gnd</subfield>
  </datafield>
  <datafield tag="689" ind1="1" ind2="2">
   <subfield code="a">z</subfield>
   <subfield code="2">gnd</subfield>
   <subfield code="a">Geschichte 1916-1950</subfield>
  </datafield>
  <datafield tag="689" ind1="1" ind2=" ">
   <subfield code="5">(DE-627)</subfield>
  </datafield>
  <datafield tag="689" ind1="2" ind2="0">
   <subfield code="d">p</subfield>
   <subfield code="0">(DE-588)118798847</subfield>
   <subfield code="0">(DE-627)265910528</subfield>
   <subfield code="0">(DE-576)209473657</subfield>
   <subfield code="a">Stieglitz, Alfred</subfield>
   <subfield code="d">1864-1946</subfield>
   <subfield code="2">gnd</subfield>
  </datafield>
  <datafield tag="689" ind1="2" ind2="1">
   <subfield code="d">s</subfield>
   <subfield code="0">(DE-588)4132270-8</subfield>
   <subfield code="0">(DE-627)104813830</subfield>
   <subfield code="0">(DE-576)209634146</subfield>
   <subfield code="a">Freundeskreis</subfield>
   <subfield code="2">gnd</subfield>
  </datafield>
  <datafield tag="689" ind1="2" ind2="2">
   <subfield code="a">z</subfield>
   <subfield code="2">gnd</subfield>
   <subfield code="a">Geschichte 1916-1950</subfield>
  </datafield>
  <datafield tag="689" ind1="2" ind2=" ">
   <subfield code="5">(DE-627)</subfield>
  </datafield>
  <datafield tag="689" ind1="3" ind2="0">
   <subfield code="d">g</subfield>
   <subfield code="0">(DE-588)4078704-7</subfield>
   <subfield code="0">(DE-627)106076612</subfield>
   <subfield code="0">(DE-576)209209682</subfield>
   <subfield code="a">USA</subfield>
   <subfield code="2">gnd</subfield>
  </datafield>
  <datafield tag="689" ind1="3" ind2="1">
   <subfield code="d">s</subfield>
   <subfield code="0">(DE-588)4114333-4</subfield>
   <subfield code="0">(DE-627)105822957</subfield>
   <subfield code="0">(DE-576)209483733</subfield>
   <subfield code="a">Kunst</subfield>
   <subfield code="2">gnd</subfield>
  </datafield>
  <datafield tag="689" ind1="3" ind2="2">
   <subfield code="d">s</subfield>
   <subfield code="0">(DE-588)4000626-8</subfield>
   <subfield code="0">(DE-627)106400541</subfield>
   <subfield code="0">(DE-576)208838821</subfield>
   <subfield code="a">Ästhetik</subfield>
   <subfield code="2">gnd</subfield>
  </datafield>
  <datafield tag="689" ind1="3" ind2="3">
   <subfield code="d">s</subfield>
   <subfield code="0">(DE-588)4033659-1</subfield>
   <subfield code="0">(DE-627)106256351</subfield>
   <subfield code="0">(DE-576)209003014</subfield>
   <subfield code="a">Kunstkritik</subfield>
   <subfield code="2">gnd</subfield>
  </datafield>
  <datafield tag="689" ind1="3" ind2="4">
   <subfield code="d">s</subfield>
   <subfield code="0">(DE-588)4482930-9</subfield>
   <subfield code="0">(DE-627)238719960</subfield>
   <subfield code="0">(DE-576)212897381</subfield>
   <subfield code="a">Geschlechterforschung</subfield>
   <subfield code="2">gnd</subfield>
  </datafield>
  <datafield tag="689" ind1="3" ind2="5">
   <subfield code="a">z</subfield>
   <subfield code="2">gnd</subfield>
   <subfield code="a">Geschichte 1916-1950</subfield>
  </datafield>
  <datafield tag="689" ind1="3" ind2=" ">
   <subfield code="5">(DE-627)</subfield>
  </datafield>
  <datafield tag="856" ind1="4" ind2="2">
   <subfield code="u">https://swbplus.bsz-bw.de/bsz094272492inh.htm</subfield>
   <subfield code="m">B:DE-576;DE-14</subfield>
   <subfield code="q">application/pdf</subfield>
   <subfield code="v">20081031113345</subfield>
   <subfield code="x">Verlag</subfield>
   <subfield code="3">Inhaltsverzeichnis</subfield>
  </datafield>
  <datafield tag="856" ind1="4" ind2="2">
   <subfield code="u">http://www.gbv.de/dms/bsz/toc/bsz094272492inh.pdf</subfield>
   <subfield code="m">V:DE-601</subfield>
   <subfield code="m">B:DE-84</subfield>
   <subfield code="q">pdf/application</subfield>
   <subfield code="x">Verlag</subfield>
   <subfield code="y">Inhaltsverzeichnis</subfield>
   <subfield code="3">Inhaltsverzeichnis</subfield>
  </datafield>
  <datafield tag="889" ind1=" " ind2=" ">
   <subfield code="w">(DE-627)319791289</subfield>
  </datafield>
  <datafield tag="935" ind1=" " ind2=" ">
   <subfield code="i">mdedup</subfield>
  </datafield>
  <datafield tag="935" ind1=" " ind2=" ">
   <subfield code="i">Blocktest</subfield>
  </datafield>
  <datafield tag="936" ind1="r" ind2="v">
   <subfield code="a">AP 94100</subfield>
   <subfield code="b">Biografien, Memoiren, Tagebücher, Briefe, Bildbände einzelner Fotografen</subfield>
   <subfield code="k">Allgemeines</subfield>
   <subfield code="k">Medien- und Kommunikationswissenschaften, Medienkulturwissenschaft, Kommunikationsdesign</subfield>
   <subfield code="k">Fotografie</subfield>
   <subfield code="k">Biografie, Geschichte</subfield>
   <subfield code="k">Biografien, Memoiren, Tagebücher, Briefe, Bildbände einzelner Fotografen</subfield>
   <subfield code="0">(DE-627)127063609X</subfield>
   <subfield code="0">(DE-625)rvk/8146:</subfield>
   <subfield code="0">(DE-576)20063609X</subfield>
  </datafield>
  <datafield tag="936" ind1="b" ind2="k">
   <subfield code="a">20.00</subfield>
   <subfield code="j">Kunstwissenschaften: Allgemeines</subfield>
   <subfield code="0">(DE-627)106406493</subfield>
  </datafield>
  <datafield tag="936" ind1="b" ind2="k">
   <subfield code="a">20.06</subfield>
   <subfield code="j">Kunstphilosophie</subfield>
   <subfield code="j">Kunsttheorie</subfield>
   <subfield code="0">(DE-627)10641433X</subfield>
  </datafield>
  <datafield tag="936" ind1="b" ind2="k">
   <subfield code="a">20.07</subfield>
   <subfield code="j">Kunstkritik</subfield>
   <subfield code="j">Kunstinterpretation</subfield>
   <subfield code="0">(DE-627)106406280</subfield>
  </datafield>
  <datafield tag="951" ind1=" " ind2=" ">
   <subfield code="a">BO</subfield>
  </datafield>
  <datafield tag="990" ind1=" " ind2=" ">
   <subfield code="a">Stieglitz, Alfred</subfield>
  </datafield>
  <datafield tag="990" ind1=" " ind2=" ">
   <subfield code="a">USA</subfield>
  </datafield>
  <datafield tag="990" ind1=" " ind2=" ">
   <subfield code="a">Kunst</subfield>
  </datafield>
  <datafield tag="990" ind1=" " ind2=" ">
   <subfield code="a">Geschichte 1916-1950</subfield>
  </datafield>
  <datafield tag="990" ind1=" " ind2=" ">
   <subfield code="a">Stieglitz, Alfred</subfield>
  </datafield>
  <datafield tag="990" ind1=" " ind2=" ">
   <subfield code="a">Freundeskreis</subfield>
  </datafield>
  <datafield tag="990" ind1=" " ind2=" ">
   <subfield code="a">Geschichte 1916-1950</subfield>
  </datafield>
  <datafield tag="990" ind1=" " ind2=" ">
   <subfield code="a">USA</subfield>
  </datafield>
  <datafield tag="990" ind1=" " ind2=" ">
   <subfield code="a">Kunst</subfield>
  </datafield>
  <datafield tag="990" ind1=" " ind2=" ">
   <subfield code="a">Ästhetik</subfield>
  </datafield>
  <datafield tag="990" ind1=" " ind2=" ">
   <subfield code="a">Kunstkritik</subfield>
  </datafield>
  <datafield tag="990" ind1=" " ind2=" ">
   <subfield code="a">Geschlechterforschung</subfield>
  </datafield>
  <datafield tag="990" ind1=" " ind2=" ">
   <subfield code="a">Geschichte 1916-1950</subfield>
  </datafield>
  <datafield tag="999" ind1=" " ind2=" ">
   <subfield code="a">KXP-PPN399855653</subfield>
   <subfield code="e">322355355X</subfield>
  </datafield>
 </record>
</collection>
